Balkan countries in European Union - Statistics

General Stats
  • This quiz has been taken 332 times
  • The average score is 5 of 5
Answer Stats
Hint Answer % Correct
2004 Slovenia
98%
2014 Croatia
94%
2007 Bulgaria
93%
1981 Greece
92%
2007 Romania
91%
No matching quizzes found
Score Distribution
Percent of People with Each Score
Percentile by Number Answered
Your Score History
You have not taken this quiz